000 00507nas a2200169 4500
001 000037384
005 20200930080332.0
008 120330c20109999dr ar1p dd 0 0spa d
040 _aDO-SdBNP
_bspa
_cBNPHU
043 _anwdr
110 2 _aSecretaría de Estado de Cultura
_bTeatro Nacional Eduardo Brito
_963842
245 0 0 _aCalendario febrero 2010.
260 _aSanto Domingo :
_bSecretaría de Estado de Cultura,
_c2010.
300 _av.- :
_bil. ;
_c29 cm.
310 _aAnual
362 1 _aFebrero 2010
999 _c36874
_d36874